Größte deutsche Städte, die mit "Deutschland" beginnen - Statistiken

Allgemein
  • Dieses Quiz wurde 152 mal gespielt
    127 seit der letzten Aktualisierung
  • Das Durchschnittsergebnis liegt bei 10 aus 11
Antwortstatistiken
Brief Bevölkerung Stadt % Korrekt
D 616 k Düsseldorf
99%
E 574 k Essen
98%
H 1.8 m Hamburg
96%
D 601 k Dortmund
94%
S 613 k Stuttgart
93%
N 526 k Nürnberg
92%
U 129 k Ulm
92%
L 608 k Leipzig
90%
C 245 k Chemnitz
89%
A 299 k Augsburg
88%
T 104 k Trier
75%
Keine übereinstimmenden Quizze gefunden
Verteilung der Resultate
Anzahl Personen mit jedem Resultat
Perzentil nach korrekt beantworteten Fragen
Ihre Resultats-Entwicklung
Sie haben dieses Quiz seit der letzten Aktualisierung nicht gespielt